Catálogo público

Huevecillos de piojos : descripción morfológica y clave taxonómica de huevecillos de once piojos comunes en la región de Saltillo, Coahuila, México / (Record no. 166946)

MARC details
000 -CABECERA
campo de control de longitud fija 01127nam a2200313Ia 4500
001 - NÚMERO DE CONTROL
campo de control Z_3885
003 - IDENTIFICADOR DEL NÚMERO DE CONTROL
campo de control CHAP
008 - DATOS DE LONGITUD FIJA--INFORMACIÓN GENERAL
campo de control de longitud fija 220113s1986 xx 000 0 und d
010 ## - NÚMERO DE CONTROL DE LA BIBLIOTECA DEL CONGRESO
Número de control de LC 166946
040 ## - FUENTE DE LA CATALOGACIÓN
Centro/agencia transcriptor CHAP
090 ## - LOCALMENTE ASIGNADO TIPO-LC NÚMERO DE CLASIFICACIÓN (OCLC); NÚMERO DE CLASIFICACIÓN LOCAL (RLIN)
Número de clasificación (OCLC) (R) ; Numero de clasificación, CALL (RLIN) (NR) Folleto 568
100 ## - ENTRADA PRINCIPAL--NOMBRE DE PERSONA
Nombre de persona Lozoya Saldaña, Aguileo
9 (RLIN) 68825
245 ## - MENCIÓN DE TÍTULO
Título Huevecillos de piojos : descripción morfológica y clave taxonómica de huevecillos de once piojos comunes en la región de Saltillo, Coahuila, México /
Mención de responsabilidad, etc. por Aguileo Lozoya Saldaña y Eugenio Guerrero Rodríguez
260 ## - PUBLICACIÓN, DISTRIBUCIÓN, ETC.
Lugar de publicación, distribución, etc. Saltillo. Coah. :
Nombre del editor, distribuidor, etc. Universidad Autónoma Agraria Antonio Narro,
Fecha de publicación, distribución, etc. 1986
300 ## - DESCRIPCIÓN FÍSICA
Extensión 11 p. ; ilus.
440 ## - MENCIÓN DE SERIE/PUNTO DE ACCESO ADICIONAL--TÍTULO
Título Folleto de divulgación vol. I no. 7 1986
9 (RLIN) 141123
500 ## - NOTA GENERAL
Nota general
503 ## - NOTA DE HISTORIA BIBLIOGRÁFICA (BK CF MU) [OBSOLETO]
Nota de historia bibliográfica
650 ## - PUNTO DE ACCESO ADICIONAL DE MATERIA--TÉRMINO DE MATERIA
Término de materia o nombre geográfico como elemento de entrada Insectos parásitos y predatores
9 (RLIN) 58961
650 ## - PUNTO DE ACCESO ADICIONAL DE MATERIA--TÉRMINO DE MATERIA
Término de materia o nombre geográfico como elemento de entrada Orugas
9 (RLIN) 84152
650 ## - PUNTO DE ACCESO ADICIONAL DE MATERIA--TÉRMINO DE MATERIA
Término de materia o nombre geográfico como elemento de entrada Piojos de las aves de corral
9 (RLIN) 88383
650 ## - PUNTO DE ACCESO ADICIONAL DE MATERIA--TÉRMINO DE MATERIA
Término de materia o nombre geográfico como elemento de entrada Piojos del ganado vacuno I. Guerrero Rodríguez, Eugenio II. Universidad Autónoma Agraria Antonio Narro. Saltillo, Coah.
9 (RLIN) 141124
901 ## - ELEMENTOS DE DATOS A LOCAL LDA (RLIN)
a Folleto 568
902 ## - ELEMENTOS DE DATOS B LOCAL, LDB (RLIN)
a A
910 ## - DATOS DE OPCIÓN DEL USUARIO (OCLC)
Datos de opción del usuario 1986
942 ## - ELEMENTOS DE PUNTO DE ACCESO ADICIONAL (KOHA)
Tipo de ítem Koha
942 ## - ELEMENTOS DE PUNTO DE ACCESO ADICIONAL (KOHA)
Tipo de ítem Koha
Holdings
Estado de retiro Estado de pérdida Fuente del sistema de clasificación o colocación Estado dañado No para préstamo Código de colección Localización permanente Ubicación/localización actual Ubicación en estantería Fecha de adquisición Total de préstamos Código de barras Fecha visto por última vez Número de copia Precio válido a partir de Tipo de ítem Koha
    Clasificación Universidad Autónoma de Chapingo     Folletos Zootecnia Zootecnia   09/11/2005   z_A1490 18/01/2022 1 18/01/2022 Folleto